Wirtschafts-Worterbuch : I English/Deutsch, Dritte, Volling neu bearbeitete Auflage. (Record no. 3554)

MARC details
005 - DATE AND TIME OF LATEST TRANSACTION
control field 20250609161457.0
020 ## - INTERNATIONAL STANDARD BOOK NUMBER
International Standard Book Number 3 430 12382 8
082 ## - DEWEY DECIMAL CLASSIFICATION NUMBER
Classification number REF 430.03 EIC
100 ## - MAIN ENTRY--PERSONAL NAME
Author name EICHBORN, R. V.
245 ## - TITLE STATEMENT
Title Wirtschafts-Worterbuch : I English/Deutsch, Dritte, Volling neu bearbeitete Auflage.
260 ## - PUBLICATION, DISTRIBUTION, ETC.
Place of publication, distribution, etc. Australia,
Name of publisher, distributor, etc. Econ Verlag GmbH,
Date of publication, distribution, etc. 1961.
300 ## - PHYSICAL DESCRIPTION
Extent xxiv, 1056p.: ill.;
Dimensions 22cm.
942 ## - ADDED ENTRY ELEMENTS (KOHA)
Source of classification or shelving scheme Dewey Decimal Classification
Koha item type Books
Holdings
Date last seen Total checkouts Full call number Barcode Cost, replacement price Price effective from Koha item type Lost status Source of classification or shelving scheme Damaged status Not for loan Withdrawn status Home library Current library Shelving location Date acquired Cost, normal purchase price
06/09/2025   REF 430.03 EIC 00000011771 30000.00 06/09/2025 Books   Dewey Decimal Classification       College of Business Education Main Library College of Business Education Main Library Reference Collection 07/09/1976 10000.00